Common - Sense in Law (Record no. 1191554)
[ view plain ]
| 000 -LEADER | |
|---|---|
| fixed length control field | 00685nam a2200265Ia 4500 |
| 003 - CONTROL NUMBER IDENTIFIER | |
| control field | OSt |
| 005 - DATE AND TIME OF LATEST TRANSACTION | |
| control field | 20221007110840.0 |
| 008 - FIXED-LENGTH DATA ELEMENTS--GENERAL INFORMATION | |
| fixed length control field | 221006b |||||||| |||| 00| 0 hin d |
| 020 ## - INTERNATIONAL STANDARD BOOK NUMBER | |
| International Standard Book Number | 9788175347250 |
| 037 ## - SOURCE OF ACQUISITION | |
| Terms of availability | Textual |
| 040 ## - CATALOGING SOURCE | |
| Original cataloging agency | LCO |
| Transcribing agency | LCO |
| Language of cataloging | hin |
| 041 ## - LANGUAGE CODE | |
| Source of code | hin |
| Language code of text/sound track or separate title | hin |
| 100 ## - MAIN ENTRY--PERSONAL NAME | |
| Personal name | Vinogradoff Paul |
| 245 #0 - TITLE STATEMENT | |
| Title | Common - Sense in Law |
| 260 ## - PUBLICATION, DISTRIBUTION, ETC. | |
| Place of publication, distribution, etc. | Delhi |
| Name of publisher, distributor, etc. | Universal Law Publishing Co. Pvt. Ltd. India |
| Date of publication, distribution, etc. | 2008 |
| 300 ## - PHYSICAL DESCRIPTION | |
| Extent | 256 |
| 500 ## - GENERAL NOTE | |
| General note | Indian Reprint 2008 |
| 650 ## - SUBJECT ADDED ENTRY--TOPICAL TERM | |
| Topical term or geographic name entry element | COMMONSENSE |
| 9 (RLIN) | 707904 |
| 942 ## - ADDED ENTRY ELEMENTS (KOHA) | |
| Classification part | Z, E3 |
| Koha item type | Textual |
| Withdrawn status | Lost status | Damaged status | Not for loan | Home library | Current library | Date acquired | Total Checkouts | Full call number | Barcode | Date last seen | Price effective from | Koha item type |
|---|---|---|---|---|---|---|---|---|---|---|---|---|
| Law Centre-I Library | Law Centre-I Library | 2022-10-07 | Z E3 | LO1367121 | 2022-10-07 | 2022-10-07 | Textual |
